Inéditos de Rosalía / (Record no. 43081)

MARC details
000 -LEADER
campo de control de longitud fija 00771nam a2200205 i 4500
001 - NÚMERO DE CONTROL
campo de control 43081
003 - IDENTIFICADOR DE NÚMERO DE CONTROL
campo de control ES-MaACL
005 - FECHA Y HORA DE LA ÚLTIMA TRANSACCIÓN
campo de control 20250722131902.0
007 - CAMPO FIJO DE DESCRIPCIÓN FÍSICA--INFORMACIÓN GENERAL
campo de control de longitud fija t|
008 - DATOS DE LONGITUD FIJA--INFORMACIÓN GENERAL
campo de control de longitud fija 030314s1953 sp ||||1| spa d
100 1# - ENTRADA PRINCIPAL--NOMBRE DE PERSONA
Nombre de persona Castro, Rosalía de,
Fechas asociadas al nombre 1837-1885
9 (RLIN) 147676
245 10 - MENCIÓN DEL TÍTULO
Título Inéditos de Rosalía /
Mención de responsabilidad, etc. Rosalía de Castro, Juan Naya Pérez ; prólogo del Marqués de Figueroa.
260 ## - PUBLICACIÓN, DISTRIBUCIÓN, ETC.
Lugar de publicación, distribución, etc. Santiago de Compostela :
Nombre del editor, distribuidor, etc. [s.n.],
Fecha de publicación, distribución, etc. 1953 (
Lugar de fabricación/manufactura Pontevedra :
Fabricante Peón)
300 ## - DESCRIPCIÓN FÍSICA
Extensión 113 p., 3 lám. :
Otras características físicas retr. aut. ;
Dimensiones 21 cm.
500 ## - NOTA GENERAL
Nota general Es separata: Patronato Rosalía de Castro.
700 1# - ENTRADA AGREGADA--NOMBRE PERSONAL
Nombre de persona Naya Pérez, Juan.
9 (RLIN) 85242
700 1# - ENTRADA AGREGADA--NOMBRE PERSONAL
Nombre de persona Figueroa, Juan Armada y Losada,
Títulos y otros términos asociados al nombre Marqués de,
Fechas asociadas al nombre 1861-1932
9 (RLIN) 50781
852 ## - LOCALIZACIÓN
Ubicación ES-MaACL
Número de control de estantería C-6217
Sublocalización o colección R.35487
Holdings
Estatus retirado Estado de pérdida Estado de daño No para préstamo Biblioteca de origen Biblioteca actual Ubicación en estantería Fecha de adquisición Fuente de adquisición Total de préstamos Signatura topográfica completa Código de barras Visto por última vez Precio de reemplazo Tipo de ítem Koha
        Biblioteca del Ateneo de Madrid Biblioteca del Ateneo de Madrid Sala Palomar 17/01/2008     C-6217 1045345 23/02/2023 23/02/2023 Libro impreso